[Event "CHN Team Women 2016"]
[Site "Wuxi CHN"]
[Date "2016.07.31"]
[Round "5.4"]
[Board "3"]
[White "Zhang, Yuxuan"]
[Black "Wan, Qian"]
[Result "0-1"]
[WhiteElo "1864"]
[BlackElo "1637"]
[WhiteTeam "Shanxi Huxiaoling"]
[BlackTeam "Shenzhen Qiyuan"]
[WhiteFideId "8610908"]
[BlackFideId "8614296"]
[EventDate "2016.07.28"]

1. e4 e5 2. Nf3 Nc6 3. Bc4 Bc5 4. c3 Nf6 5. d3 d6 6. Nbd2 O-O 7. Nf1 Bb6 8. Ng3
Na5 9. Bb5 a6 10. Ba4 c5 11. O-O Nc6 12. h3 h6 13. Qe2 Be6 14. Bc2 Nh7 15. Nh2
Qh4 16. Be3 Kh8 17. Nf5 Bxf5 18. exf5 Qf6 19. Qh5 d5 20. Ng4 Qe7 21. f4 d4 22.
Bd2 exf4 23. Bxf4 Nf6 24. Qh4 Nxg4 25. Qxg4 Qf6 26. Ba4 dxc3 27. bxc3 c4+ 28.
Kh1 cxd3 29. Qg3 Rad8 30. Rab1 Ba5 31. Rxb7 d2 32. Rd1 Ne7 33. Be5 Nxf5 34. Qf4
Qg5 35. Qxg5 hxg5 36. Rb2 Rd5 37. Bd4 Nxd4 38. cxd4 Rxd4 39. Bc6 Rc4 40. Bd5 Rc1
41. Bf3 Rfc8 42. Rb1 Rxb1 43. Rxb1 Rc1+ 0-1

[Event "CHN Team Women 2016"]
[Site "Wuxi CHN"]
[Date "2016.07.31"]
[Round "5.5"]
[Board "1"]
[White "Zhai, Mo"]
[Black "Xie, Libeilei"]
[Result "1-0"]
[WhiteTitle "WGM"]
[WhiteElo "2355"]
[BlackElo "1534"]
[WhiteTeam "Hebei Ticai"]
[BlackTeam "Shaanxi"]
[WhiteFideId "8600201"]
[BlackFideId "8610762"]
[EventDate "2016.07.28"]

1. d4 Nf6 2. Bf4 g6 3. e3 d5 4. Nf3 Bg7 5. h3 O-O 6. c3 Nbd7 7. Nbd2 b6 8. Be2
c6 9. O-O a5 10. Re1 Ba6 11. Bh2 Bxe2 12. Qxe2 b5 13. e4 dxe4 14. Nxe4 Nd5 15.
h4 Qb6 16. h5 Bh6 17. hxg6 hxg6 18. Ne5 Nxe5 19. Bxe5 Ra7 20. Qg4 Bg7 21. Ng5
Bxe5 22. Qh4 Kg7 23. Qh7+ Kf6 24. Qh6 Bh2+ 25. Kxh2 Qb8+ 26. Kg1 e6 27. Nh7+ Ke7
28. Nxf8 Qxf8 29. Qh4+ Kd7 30. a4 Qe7 31. Qg4 Ra8 32. axb5 cxb5 33. Qe2 Nc7 34.
d5 e5 35. d6 Kxd6 36. Qe4 Qf6 37. Qb7 Qe7 38. Rad1+ Ke6 39. Rxe5+ 1-0

[Event "CHN Team Women 2016"]
[Site "Wuxi CHN"]
[Date "2016.07.31"]
[Round "5.6"]
[Board "1"]
[White "Xu, Fei"]
[Black "Ren, Xiaoyi"]
[Result "0-1"]
[WhiteElo "1937"]
[BlackElo "2202"]
[WhiteTeam "Heilongjiang Qipai"]
[BlackTeam "Chengdu"]
[WhiteFideId "8606099"]
[BlackFideId "8608709"]
[EventDate "2016.07.28"]

1. e4 c5 2. Nc3 Nc6 3. g3 g6 4. Bg2 Bg7 5. d3 e6 6. Be3 Nd4 7. Qd2 Ne7 8. Nd1 b6
9. c3 Ndc6 10. Bh6 Bxh6 11. Qxh6 Ba6 12. Qd2 d5 13. Ne2 Ne5 14. Nc1 dxe4 15.
Bxe4 f5 16. Qf4 Nxd3+ 17. Bxd3 Bxd3 18. Qe5 Kf7 19. Nxd3 Qxd3 20. Ne3 Rhd8 21.
Rd1 Qb5 22. b3 Rxd1+ 23. Nxd1 Rd8 24. Qe2 Qd7 25. O-O Qd3 26. Qe5 Qd6 27. Qe2
Qd2 28. Qa6 Rd7 29. Qa4 Qd6 30. Ne3 Qc6 31. Qh4 Kg7 32. Nc4 Qd5 33. Re1 Nc6 34.
Ne3 Qe5 35. Qc4 Qf6 36. Kf1 Ne5 37. Qb5 Rd2 38. Qa6 f4 39. Qxa7+ Rd7 40. Qxb6
fxe3 41. Rxe3 Ng4 42. Re2 Qf3 0-1

[Event "CHN Team Women 2016"]
[Site "Wuxi CHN"]
[Date "2016.07.31"]
[Round "5.6"]
[Board "2"]
[White "Nie, Xin"]
[Black "Hu, Yu A."]
[Result "1-0"]
[WhiteElo "2078"]
[BlackElo "1934"]
[WhiteTeam "Chengdu"]
[BlackTeam "Heilongjiang Qipai"]
[WhiteFideId "8605610"]
[BlackFideId "8609993"]
[EventDate "2016.07.28"]

1. d4 Nf6 2. c4 g6 3. Nc3 Bg7 4. e4 d6 5. f3 O-O 6. Nge2 c5 7. Be3 cxd4 8. Nxd4
Nc6 9. Qd2 Bd7 10. Be2 Rc8 11. O-O Nxd4 12. Bxd4 Be6 13. b3 Qa5 14. Be3 Rfd8 15.
Rac1 a6 16. Rc2 Nd7 17. Rfc1 Ne5 18. Qd1 Nd7 19. Nd5 Bxd5 20. cxd5 Nc5 21. Qf1
Qa3 22. Qe1 a5 23. Qd2 Rc7 24. Bb5 Rdc8 25. Rxc5 Qb2 26. Qxa5 1-0

[Event "CHN Team Women 2016"]
[Site "Wuxi CHN"]
[Date "2016.07.31"]
[Round "5.6"]
[Board "3"]
[White "Jiang, Zhaoyi"]
[Black "Li, Yunshan"]
[Result "1/2-1/2"]
[WhiteTitle "WCM"]
[BlackTitle "WFM"]
[WhiteElo "1835"]
[BlackElo "2045"]
[WhiteTeam "Heilongjiang Qipai"]
[BlackTeam "Chengdu"]
[WhiteFideId "8611050"]
[BlackFideId "8607664"]
[EventDate "2016.07.28"]

1. d4 Nf6 2. Nf3 g6 3. g3 Bg7 4. Bg2 d5 5. O-O O-O 6. c4 c6 7. Ne5 Ng4 8. Nxg4
Bxg4 9. cxd5 cxd5 10. Nc3 Nc6 11. h3 Be6 12. e3 Na5 13. Qf3 Qd7 14. Nxd5 Rfd8
15. Nf4 Bc4 16. Re1 e5 17. Ne2 Bxe2 18. Rxe2 exd4 19. exd4 Qxd4 20. Bg5 Re8 21.
Rae1 Rxe2 22. Rxe2 h6 23. Be3 Qd1+ 24. Kh2 Re8 25. Rd2 Qxf3 26. Bxf3 Nc4 27. Re2
b6 28. b3 Nxe3 29. Rxe3 Rxe3 30. fxe3 h5 31. Kg2 Be5 32. Bd5 1/2-1/2

[Event "CHN Team Women 2016"]
[Site "Wuxi CHN"]
[Date "2016.07.31"]
[Round "5.7"]
[Board "1"]
[White "Ning, Kaiyu"]
[Black "Yao, Lan"]
[Result "1/2-1/2"]
[WhiteElo "1820"]
[BlackElo "2131"]
[WhiteTeam "Henan Qixie"]
[BlackTeam "Qingdao"]
[WhiteFideId "8614750"]
[BlackFideId "8610835"]
[EventDate "2016.07.28"]

1. e4 c5 2. Nf3 d6 3. d4 cxd4 4. Nxd4 Nf6 5. Nc3 Nc6 6. Bc4 Bd7 7. Be3 Ng4 8.
O-O Nxe3 9. fxe3 Ne5 10. Qh5 e6 11. Bxe6 g6 12. Bxd7+ Qxd7 13. Qe2 Bg7 14. Rad1
a6 15. Nd5 Qd8 16. c4 O-O 17. b3 Rc8 18. Rd2 Nd7 19. Qg4 Kh8 20. Nf3 Ne5 21.
Nxe5 Bxe5 22. Rdf2 Kg7 23. Nf4 Bxf4 24. Qxf4 b5 25. cxb5 axb5 26. Rd2 Rc6 27. e5
d5 28. Rfd1 Qa5 29. Qd4 Re6 30. Qxd5 Qc3 31. Qd4 Qc7 32. Qb2 Qxe5 33. Qxe5+ Rxe5
34. Kf2 Rfe8 35. Rd3 Ra8 36. R1d2 Rc5 37. Rd5 Rxd5 38. Rxd5 Rxa2+ 39. Kf3 h5 40.
Rxb5 Kf6 41. h4 Ra1 42. g3 Rf1+ 43. Ke2 Rg1 44. Kf2 Rb1 45. b4 Ke6 46. Rb7 f6
47. b5 Kf5 48. Kf3 Rf1+ 49. Ke2 Rb1 50. Kf3 Rf1+ 51. Kg2 Rb1 52. Rb6 Ke5 53. Kf3
Kf5 1/2-1/2

[Event "CHN Team Women 2016"]
[Site "Wuxi CHN"]
[Date "2016.07.31"]
[Round "5.7"]
[Board "2"]
[White "Hong, Xing"]
[Black "Cai, Youyang"]
[Result "0-1"]
[WhiteElo "2002"]
[BlackElo "1791"]
[WhiteTeam "Qingdao"]
[BlackTeam "Henan Qixie"]
[WhiteFideId "8606129"]
[BlackFideId "8616930"]
[EventDate "2016.07.28"]

1. e4 c5 2. Nf3 e6 3. d4 cxd4 4. Nxd4 a6 5. Nc3 Qc7 6. Be2 Nc6 7. O-O b5 8. Nxc6
dxc6 9. f4 Bc5+ 10. Kh1 Bb7 11. e5 Rd8 12. Qe1 Nh6 13. Bd3 O-O 14. Qh4 Qe7 15.
Qh3 Bb4 16. Ne4 c5 17. Ng5 Rxd3 18. cxd3 Rd8 19. a3 Ba5 20. Rd1 Bd5 21. Bd2 Bb6
22. d4 cxd4 23. Bb4 Qd7 24. Rac1 Bc4 25. Ne4 Nf5 26. Bc5 Bxc5 27. Nxc5 Qc6 28.
b4 Qd5 29. Kg1 h6 30. Qf3 Qxf3 31. gxf3 Be2 32. Rd2 Bxf3 33. Nxa6 Ne3 34. Nc5
Nc4 35. Rd3 Be2 36. a4 Bxd3 37. Nxd3 Rb8 38. Kf2 f5 39. Ke2 g5 40. a5 Kf7 41.
Rc2 Ke7 42. Nb2 Rd8 43. Kd3 Nxb2+ 44. Rxb2 g4 45. Rc2 Kd7 46. Rc5 Rb8 47. Kxd4
h5 48. a6 h4 49. Rxb5 Rxb5 0-1

[Event "CHN Team Women 2016"]
[Site "Wuxi CHN"]
[Date "2016.07.31"]
[Round "5.7"]
[Board "3"]
[White "Bai, Xue"]
[Black "Ha, Yihan"]
[Result "1-0"]
[WhiteElo "1762"]
[BlackElo "1355"]
[WhiteTeam "Henan Qixie"]
[BlackTeam "Qingdao"]
[WhiteFideId "8608717"]
[BlackFideId "8617120"]
[EventDate "2016.07.28"]

1. e4 c6 2. d4 d5 3. Nd2 dxe4 4. Nxe4 Nd7 5. Bc4 Ngf6 6. Nxf6+ Nxf6 7. Nf3 Qc7
8. O-O Bf5 9. Re1 e6 10. Bd3 Bxd3 11. Qxd3 Be7 12. Ne5 O-O 13. Bf4 Nh5 14. Qf3
Nxf4 15. Qxf4 Rad8 16. c3 Bd6 17. Qe4 Rfe8 18. g3 h6 19. a4 Bxe5 20. Qxe5 Qxe5
21. Rxe5 Rd5 22. Re2 Red8 23. b4 Kf8 24. a5 a6 25. f4 h5 26. Kf2 g6 27. Kf3 Kg7
28. Rd1 c5 29. Ke3 cxb4 30. cxb4 Rc8 31. Kd3 Rd6 32. Re5 Rxd4+ 33. Kxd4 Rd8+ 34.
Kc5 Rxd1 35. Kb6 Rd5 36. Kxb7 Rxe5 37. fxe5 f6 38. exf6+ Kxf6 39. b5 axb5 40. a6
b4 41. a7 b3 42. a8=Q 1-0

[Event "CHN Team Women 2016"]
[Site "Wuxi CHN"]
[Date "2016.08.01"]
[Round "6.1"]
[Board "1"]
[White "Ju, Wenjun"]
[Black "Ding, Yixin"]
[Result "1-0"]
[WhiteTitle "GM"]
[BlackTitle "WGM"]
[WhiteElo "2578"]
[BlackElo "2421"]
[WhiteTeam "Shanghai"]
[BlackTeam "Zhejiang Feiao"]
[WhiteFideId "8603006"]
[BlackFideId "8602972"]
[EventDate "2016.07.28"]

1. c4 Nf6 2. Nc3 g6 3. Nf3 Bg7 4. e4 c5 5. d4 cxd4 6. Nxd4 d6 7. Be2 Nc6 8. Be3
O-O 9. O-O Nxd4 10. Bxd4 Bd7 11. Qd2 Bc6 12. f3 Nd7 13. Be3 a5 14. b3 Nc5 15.
Rfc1 Qb6 16. Rab1 Rfc8 17. Rc2 Qd8 18. Rbc1 Be5 19. Bf1 e6 20. g3 b6 21. Bg2 Qe7
22. Rd1 Rd8 23. Qe2 Rac8 24. Bf2 Rd7 25. Nb5 Rcd8 26. Nd4 Bb7 27. Re1 Bf6 28.
Qe3 Bg5 29. Qc3 Bf6 30. a3 Rc7 31. b4 axb4 32. axb4 Nd7 33. Qb3 Bxd4 34. Bxd4 e5
35. Be3 Qe6 36. Qd3 Rdc8 37. Rd1 Bc6 38. Rdd2 Ba4 39. Ra2 b5 40. Qxd6 Qxc4 41.
Bh3 Bb3 42. Bxd7 Bxa2 43. Bxc8 Rxc8 44. Bh6 f5 45. Qe7 Qc1+ 46. Kg2 1-0

[Event "CHN Team Women 2016"]
[Site "Wuxi CHN"]
[Date "2016.08.01"]
[Round "6.1"]
[Board "2"]
[White "Qiu, Mengjie"]
[Black "Ni, Shiqun"]
[Result "1/2-1/2"]
[WhiteTitle "WFM"]
[BlackTitle "WGM"]
[WhiteElo "2231"]
[BlackElo "2389"]
[WhiteTeam "Zhejiang Feiao"]
[BlackTeam "Shanghai"]
[WhiteFideId "8606137"]
[BlackFideId "8608466"]
[EventDate "2016.07.28"]

1. e4 e5 2. Nf3 Nf6 3. Nxe5 d6 4. Nf3 Nxe4 5. d4 d5 6. Bd3 Nc6 7. O-O Be7 8. c4
Nb4 9. Be2 O-O 10. Nc3 Bf5 11. a3 Nxc3 12. bxc3 Nc6 13. Re1 Re8 14. cxd5 Qxd5
15. Bf4 Rac8 16. Qa4 Be4 17. Bg3 Qf5 18. Nd2 Bc2 19. Qb5 Qxb5 20. Bxb5 a6 21.
Bxc6 bxc6 22. Nc4 Ba4 23. Re3 c5 24. Rae1 Bf6 25. Rxe8+ Rxe8 26. Rxe8+ Bxe8 27.
dxc5 Bb5 28. Ne5 Bxe5 29. Bxe5 c6 30. Bd6 f5 31. f4 Kf7 32. Kf2 h5 33. Ke3 g6
34. g3 1/2-1/2

[Event "CHN Team Women 2016"]
[Site "Wuxi CHN"]
[Date "2016.08.01"]
[Round "6.1"]
[Board "3"]
[White "Zhang, Xiaowen"]
[Black "Zhu, Jiner"]
[Result "1-0"]
[WhiteTitle "WGM"]
[WhiteElo "2364"]
[BlackElo "2177"]
[WhiteTeam "Shanghai"]
[BlackTeam "Zhejiang Feiao"]
[WhiteFideId "8603219"]
[BlackFideId "8608059"]
[EventDate "2016.07.28"]

1. e4 c5 2. Nf3 d6 3. d4 Nf6 4. Nc3 cxd4 5. Nxd4 a6 6. Be2 e6 7. O-O Qc7 8. f4
Be7 9. Kh1 O-O 10. Be3 Nc6 11. Qe1 Nxd4 12. Bxd4 b5 13. Qg3 Bb7 14. a3 Rad8 15.
Rae1 Rd7 16. Bd3 Re8 17. a4 b4 18. Na2 Qa5 19. Nc1 Bd8 20. e5 dxe5 21. Bxe5 Nh5
22. Qg4 g6 23. Nb3 Qc7 24. Nc5 Rd5 25. Nxb7 Qxb7 26. c3 bxc3 27. bxc3 Ra5 28.
Be4 Qe7 29. Qf3 Rf8 30. Rb1 f6 31. Rb8 f5 32. Bc2 Qd7 33. Rfb1 Bc7 34. R8b7 Qc8
35. Qe3 Ng7 36. Ra7 Ne8 37. Rbb7 Rd5 38. Bb3 Rd8 39. h3 Rf7 40. Qf3 Re7 41. Rxa6
Rdd7 42. Rxe6 1-0

[Event "CHN Team Women 2016"]
[Site "Wuxi CHN"]
[Date "2016.08.01"]
[Round "6.2"]
[Board "1"]
[White "Xiao, Yiyi"]
[Black "Shen, Yang"]
[Result "1/2-1/2"]
[WhiteTitle "WFM"]
[BlackTitle "IM"]
[WhiteElo "2292"]
[BlackElo "2477"]
[WhiteTeam "Tianjing Chunhua"]
[BlackTeam "Jiangsu Lvyang"]
[WhiteFideId "8606161"]
[BlackFideId "8603162"]
[EventDate "2016.07.28"]

1. d4 d5 2. c4 e6 3. Nf3 Nf6 4. g3 Bb4+ 5. Bd2 Bd6 6. Bg2 O-O 7. O-O Nbd7 8. c5
Be7 9. b4 c6 10. Nc3 b6 11. Qc2 a5 12. a3 Ba6 13. Rfd1 Bc4 14. Bf4 Nh5 15. Be3
f5 16. Rab1 f4 17. Bc1 axb4 18. axb4 bxc5 19. dxc5 Qc7 20. Nd4 fxg3 21. fxg3 Rf6
22. Bg5 Rf7 23. Bxe7 Rxe7 24. e4 Nhf6 25. Re1 Ne5 26. exd5 exd5 27. Rbd1 g6 28.
Qd2 Ra3 29. Qg5 Neg4 30. Rxe7 Qxe7 31. Nxc6 Qe3+ 32. Qxe3 Nxe3 33. Rc1 Rb3 34.
Bf3 g5 35. b5 g4 36. Nd4 gxf3 37. Nxb3 Nfg4 38. c6 f2+ 39. Kh1 Bf1 40. Rxf1 Nxf1
41. Ne2 Nfe3 42. Nd2 f1=Q+ 43. Nxf1 Nf2+ 44. Kg1 Nh3+ 1/2-1/2

[Event "CHN Team Women 2016"]
[Site "Wuxi CHN"]
[Date "2016.08.01"]
[Round "6.2"]
[Board "2"]
[White "Guo, Qi"]
[Black "Zhang, Lanlin"]
[Result "1-0"]
[WhiteTitle "IM"]
[WhiteElo "2417"]
[BlackElo "2150"]
[WhiteTeam "Jiangsu Lvyang"]
[BlackTeam "Tianjing Chunhua"]
[WhiteFideId "8604002"]
[BlackFideId "8608032"]
[EventDate "2016.07.28"]

1. d4 d5 2. c4 e6 3. Nc3 Nf6 4. cxd5 exd5 5. Bg5 Be7 6. e3 O-O 7. Bd3 Nbd7 8.
Qc2 Re8 9. Nf3 c6 10. O-O Nf8 11. h3 Ne4 12. Bf4 f5 13. Qa4 Ng6 14. Nxd5 Nxf4
15. Nxf4 Bd6 16. Bc4+ Kf8 17. Nd3 Ng5 18. Nxg5 Qxg5 19. f4 Qf6 20. Ne5 a5 21.
Rad1 Re7 22. Qb3 g6 23. Rf2 Be6 24. Bxe6 Qxe6 25. Qxe6 Rxe6 26. g4 Rd8 27. Rc1
Ke7 28. Kf1 Bb4 29. gxf5 gxf5 30. Rg2 Kf6 31. Ke2 Re7 32. Rcg1 Rdd7 33. Rg5 1-0

[Event "CHN Team Women 2016"]
[Site "Wuxi CHN"]
[Date "2016.08.01"]
[Round "6.2"]
[Board "3"]
[White "Liu, Hongyan"]
[Black "Hu, Yue"]
[Result "1-0"]
[WhiteElo "2071"]
[BlackElo "1893"]
[WhiteTeam "Tianjing Chunhua"]
[BlackTeam "Jiangsu Lvyang"]
[WhiteFideId "8604789"]
[BlackFideId "8610339"]
[EventDate "2016.07.28"]

1. d4 Nf6 2. Bf4 g6 3. e3 Bg7 4. Nf3 d6 5. h3 Nbd7 6. Be2 O-O 7. O-O b6 8. Nbd2
Bb7 9. Bh2 Qe8 10. c3 e5 11. dxe5 dxe5 12. Qc2 Nd5 13. Bc4 a5 14. Rad1 Ne7 15.
Ne4 Nc6 16. Rd2 Qe7 17. Bg3 Kh8 18. Rfd1 Nc5 19. Nxc5 Qxc5 20. Bd5 f6 21. Be4
Rad8 22. Rxd8 Rxd8 23. Bxc6 Rxd1+ 24. Qxd1 Bxc6 25. Qd8+ Qf8 26. Qxc7 Qa8 27.
Qxb6 h5 28. Qc7 a4 29. c4 Bxf3 30. gxf3 Qxf3 31. Qd8+ Kh7 32. Qd5 Qf5 33. Kg2
Qb1 34. c5 Qxb2 35. c6 Qc2 36. a3 f5 1-0

[Event "CHN Team Women 2016"]
[Site "Wuxi CHN"]
[Date "2016.08.01"]
[Round "6.3"]
[Board "1"]
[White "Zhai, Mo"]
[Black "Zhao, Xue"]
[Result "0-1"]
[WhiteTitle "WGM"]
[BlackTitle "GM"]
[WhiteElo "2355"]
[BlackElo "2510"]
[WhiteTeam "Hebei Ticai"]
[BlackTeam "Beijing Beiao"]
[WhiteFideId "8600201"]
[BlackFideId "8601283"]
[EventDate "2016.07.28"]

1. d4 Nf6 2. c4 e6 3. Nc3 Bb4 4. Bd2 O-O 5. e3 Re8 6. Bd3 d5 7. Nf3 c5 8. O-O
dxc4 9. Bxc4 cxd4 10. exd4 Nbd7 11. Qb3 Bd6 12. Rfe1 Nb6 13. Bb5 Bd7 14. a4 Bc6
15. Bxc6 bxc6 16. Bg5 Rb8 17. Qc2 Nbd5 18. Ne4 Be7 19. Bxf6 gxf6 20. Nfd2 Rb4
21. Nc4 Kh8 22. Ra3 Rg8 23. Rg3 Rg6 24. Rc1 Nf4 25. Rxg6 hxg6 26. g3 Nd5 27. h4
Kg7 28. Kg2 Nb6 29. Ned2 Nxa4 30. Ra1 Nb6 31. Na5 Qd5+ 32. Nf3 Rxd4 33. Qxc6 Bc5
34. Rc1 Nd7 35. Qxd5 Rxd5 36. Nc6 Bb6 37. Ra1 e5 38. Ra4 Nc5 39. Rc4 e4 40. Nfd4
Nd3 41. b3 a5 42. Kf1 Nb2 43. Rc2 Rxd4 44. Rxb2 Rd3 45. Ra2 Rd5 46. b4 a4 47.
Ke1 Rf5 48. Ne7 Rxf2 49. Rxa4 Rb2 50. b5 f5 0-1

[Event "CHN Team Women 2016"]
[Site "Wuxi CHN"]
[Date "2016.08.01"]
[Round "6.3"]
[Board "2"]
[White "Wang, Jue"]
[Black "Wang, Doudou"]
[Result "1/2-1/2"]
[WhiteTitle "WGM"]
[BlackTitle "WIM"]
[WhiteElo "2381"]
[BlackElo "2214"]
[WhiteTeam "Beijing Beiao"]
[BlackTeam "Hebei Ticai"]
[WhiteFideId "8604070"]
[BlackFideId "8603197"]
[EventDate "2016.07.28"]

1. e4 e5 2. Nf3 Nc6 3. Bb5 Nf6 4. d3 Bc5 5. Bxc6 dxc6 6. Qe2 Bg4 7. Nbd2 Qe7 8.
h3 Bxf3 9. Qxf3 Nd7 10. a3 Qf6 11. Qe2 Nf8 12. Nb3 Bd6 13. Be3 Ne6 14. Na5 Rb8
15. O-O O-O 16. b4 c5 17. Rab1 cxb4 18. axb4 a6 19. c3 Qe7 20. Rfd1 Rfd8 21. Qa2
c6 22. Rd2 Bc7 23. Nb3 h6 24. Qc2 Rbc8 25. Qd1 Bd6 26. Bb6 Bc7 27. Be3 Bd6 28.
Rdb2 c5 29. bxc5 Bxc5 30. d4 exd4 31. cxd4 Ba7 32. Qd3 Qf6 1/2-1/2

[Event "CHN Team Women 2016"]
[Site "Wuxi CHN"]
[Date "2016.08.01"]
[Round "6.3"]
[Board "3"]
[White "Guo, Weibao"]
[Black "Wang, Yu A."]
[Result "1/2-1/2"]
[BlackTitle "IM"]
[WhiteElo "1684"]
[BlackElo "2359"]
[WhiteTeam "Hebei Ticai"]
[BlackTeam "Beijing Beiao"]
[WhiteFideId "8608440"]
[BlackFideId "8601097"]
[EventDate "2016.07.28"]

1. d4 c5 2. d5 e5 3. c4 d6 4. Nc3 g6 5. e4 Bg7 6. Bd3 Ne7 7. Nge2 O-O 8. O-O f5
9. f4 Nd7 10. Ng3 exf4 11. Bxf4 Ne5 12. Be2 fxe4 13. Ncxe4 Nf5 14. Nxf5 Bxf5 15.
Ng3 Bd7 16. Qd2 a6 17. Bg5 Qc7 18. Ne4 Bf5 19. Ng3 Bd7 20. Ne4 Bf5 21. Ng3 Bd7
22. Ne4 Bf5 23. Ng3 Bd7 24. Ne4 Bf5 25. Ng3 Bd7 1/2-1/2

[Event "CHN Team Women 2016"]
[Site "Wuxi CHN"]
[Date "2016.08.01"]
[Round "6.4"]
[Board "1"]
[White "Ren, Xiaoyi"]
[Black "Zhou, Zirun"]
[Result "1-0"]
[WhiteElo "2202"]
[BlackElo "1938"]
[WhiteTeam "Chengdu"]
[BlackTeam "Shanxi Huxiaoling"]
[WhiteFideId "8608709"]
[BlackFideId "8610975"]
[EventDate "2016.07.28"]

1. d4 Nf6 2. c4 g6 3. Bf4 Bg7 4. Nc3 d6 5. h3 O-O 6. Nf3 c5 7. e3 Nc6 8. d5 Nb4
9. a3 Na6 10. Be2 Rb8 11. O-O Nc7 12. Qd2 a6 13. e4 Nd7 14. a4 b6 15. Bh6 Ne5
16. Nxe5 dxe5 17. Be3 a5 18. Rad1 Ne8 19. Bh6 Bd7 20. Bxg7 Kxg7 21. f4 Qc7 22.
d6 Qxd6 23. Qxd6 exd6 24. fxe5 Bc6 25. exd6 Rd8 26. e5 f6 27. Bf3 Bxf3 28. Rxf3
fxe5 29. d7 Nf6 30. Rd6 Nxd7 31. Rfd3 Rf7 32. Ne4 h6 33. b3 g5 34. Rd1 Re7 35.
Nf6 Nxf6 36. Rxd8 e4 37. R8d6 Nh5 38. Rd7 Kf7 39. Rxe7+ Kxe7 40. Re1 Nf6 41. Kf2
Ke6 42. Ke3 Kd6 43. Rd1+ Ke7 44. Rd2 h5 45. g3 Ke6 46. Rd8 Ke5 47. Rb8 Ke6 48.
Rxb6+ Ke5 49. Rb5 Nd7 50. Rxa5 Kf5 51. Ra7 Ne5 52. a5 h4 53. gxh4 gxh4 54. a6 1-0

[Event "CHN Team Women 2016"]
[Site "Wuxi CHN"]
[Date "2016.08.01"]
[Round "6.4"]
[Board "2"]
[White "Zhang, Xiao"]
[Black "Nie, Xin"]
[Result "0-1"]
[WhiteElo "1877"]
[BlackElo "2078"]
[WhiteTeam "Shanxi Huxiaoling"]
[BlackTeam "Chengdu"]
[WhiteFideId "8610894"]
[BlackFideId "8605610"]
[EventDate "2016.07.28"]

1. d4 Nf6 2. c4 e6 3. Nf3 d5 4. cxd5 exd5 5. Nc3 Bb4 6. Qa4+ Nc6 7. Bg5 O-O 8.
e3 h6 9. Bh4 Qd6 10. Bd3 Ne4 11. Bxe4 dxe4 12. Nd2 f5 13. Bg3 Qg6 14. Qb3+ Be6
15. d5 Bf7 16. a3 Bxc3 17. bxc3 Na5 18. Qb4 b6 19. c4 Nb7 20. O-O c6 21. Qe7 Nc5
22. d6 Be6 23. Rac1 Rf6 24. Qc7 Qe8 25. Qe7 Qxe7 26. dxe7 Re8 27. Bd6 Nb7 28. c5
Bd5 29. Be5 Re6 30. Bd4 b5 31. Nb1 R6xe7 32. Nc3 Bc4 33. Rfd1 Rd7 34. Rb1 Na5
35. Re1 Nb3 36. Ne2 a5 37. h3 a4 38. Rb2 Bxe2 39. Rexe2 Nxd4 40. exd4 Rxd4 41.
Rbc2 Rd3 42. Re3 f4 43. Rxd3 exd3 44. Rd2 Rd8 45. g3 f3 46. Kh2 0-1

[Event "CHN Team Women 2016"]
[Site "Wuxi CHN"]
[Date "2016.08.01"]
[Round "6.4"]
[Board "3"]
[White "Li, Yunshan"]
[Black "Zhang, Yuxuan"]
[Result "1/2-1/2"]
[WhiteTitle "WFM"]
[WhiteElo "2045"]
[BlackElo "1864"]
[WhiteTeam "Chengdu"]
[BlackTeam "Shanxi Huxiaoling"]
[WhiteFideId "8607664"]
[BlackFideId "8610908"]
[EventDate "2016.07.28"]

1. d4 Nf6 2. c4 g6 3. Nc3 Bg7 4. e4 d6 5. Nf3 O-O 6. Be2 e5 7. dxe5 dxe5 8. Qxd8
Rxd8 9. Bg5 Re8 10. O-O-O Na6 11. Ne1 c6 12. Nc2 Be6 13. f3 Nd7 14. Be3 Red8 15.
b3 Bf8 16. Rd2 Nb4 17. Rhd1 Nxc2 18. Kxc2 Be7 19. Kb2 f6 20. a3 b6 21. b4 Nf8
22. Nd5 Kf7 23. Nxe7 Rxd2+ 24. Rxd2 Kxe7 25. a4 Nd7 26. Kc3 a5 27. b5 cxb5 28.
cxb5 Rc8+ 29. Kb2 Nc5 30. Bxc5+ Rxc5 31. Bd3 Bc4 32. Bc2 Rc7 33. Bd1 Be6 34. Be2
Rc5 35. g3 Bc4 36. Bd1 Bf7 37. Be2 1/2-1/2

[Event "CHN Team Women 2016"]
[Site "Wuxi CHN"]
[Date "2016.08.01"]
[Round "6.5"]
[Board "1"]
[White "Xie, Libeilei"]
[Black "Du, Yuxin"]
[Result "0-1"]
[WhiteElo "1534"]
[BlackElo "2086"]
[WhiteTeam "Shaanxi"]
[BlackTeam "Shenzhen Qiyuan"]
[WhiteFideId "8610762"]
[BlackFideId "8610282"]
[EventDate "2016.07.28"]

1. e4 c6 2. d4 d5 3. Nc3 dxe4 4. Nxe4 Bf5 5. Ng3 Bg6 6. h4 h6 7. Nf3 Nd7 8. h5
Bh7 9. Bd3 Bxd3 10. Qxd3 e6 11. Bd2 Ngf6 12. O-O-O Be7 13. Qe2 O-O 14. Nf1 Qb6
15. g4 c5 16. g5 Nd5 17. gxh6 cxd4 18. h7+ Kh8 19. Qd3 Nc5 20. Qc4 Rac8 21. Rh2
Bf6 22. Ng3 Ne4 23. Qd3 Nxd2 24. Rxd2 Rc3 25. Qe4 Qa5 26. Rd3 Rxd3 27. Qxd3 Qxa2
28. Ne4 Qa1+ 29. Kd2 Qxb2 30. Nxf6 Qb4+ 31. Kc1 Nc3 32. Nxd4 Qxd4 33. Qxd4 Ne2+
34. Kb2 Nxd4 35. Nd7 Rc8 36. f4 Kxh7 37. Ne5 Rc7 38. Ng4 a5 39. h6 gxh6 40.
Rxh6+ Kg7 41. Rh2 b5 42. Ne3 Rc5 43. Rd2 Nf5 44. Ng4 Rc4 45. Rf2 Ne7 46. Ne5
Rb4+ 47. Ka2 Ng6 48. Nd3 Rc4 49. Kb2 Kf6 50. c3 Kf5 51. Rh2 Nxf4 52. Nxf4 Kxf4
53. Rf2+ Ke3 54. Rxf7 e5 55. Re7 e4 56. Re5 b4 57. cxb4 Rxb4+ 58. Kc3 Ra4 59.
Kb3 Ra1 60. Kb2 Ra4 61. Kb3 Kf4 62. Rc5 Rb4+ 63. Kc3 Ra4 64. Kb3 Rd4 65. Rxa5 e3
66. Kc3 Rd1 67. Ra2 Kf3 0-1

[Event "CHN Team Women 2016"]
[Site "Wuxi CHN"]
[Date "2016.08.01"]
[Round "6.6"]
[Board "2"]
[White "Cai, Youyang"]
[Black "Liu, Manli"]
[Result "1/2-1/2"]
[WhiteElo "1791"]
[BlackElo "2035"]
[WhiteTeam "Henan Qixie"]
[BlackTeam "Guangdong"]
[WhiteFideId "8616930"]
[BlackFideId "8608121"]
[EventDate "2016.07.28"]

1. e4 c5 2. Nf3 Nc6 3. d4 cxd4 4. Nxd4 g6 5. c4 Bg7 6. Be3 Nf6 7. Nxc6 bxc6 8.
Nc3 d6 9. Be2 O-O 10. O-O Qc7 11. Rc1 Rb8 12. b3 Rd8 13. f4 Qa5 14. Bf3 Be6 15.
Qe2 Rbc8 16. Rfd1 Bg4 17. Bxg4 Nxg4 18. Qxg4 Bxc3 19. Qe2 Bg7 20. Qf2 Rd7 21. c5
Rcc7 22. cxd6 Rxd6 23. Bc5 Rdd7 24. b4 Qa4 25. Qe2 Bh6 26. g3 Bf8 27. Rd2 e5 28.
Bxf8 Kxf8 29. Rcd1 Ke8 30. Rxd7 Rxd7 31. Rxd7 Kxd7 32. Qc4 exf4 33. Qxf7+ Kc8
34. Qe6+ 1/2-1/2